Numbers in Telugu - Statistics

General Stats
  • This quiz has been taken 81 times
  • The average score is 11 of 16
Answer Stats
Hint Answer % Correct
1 ఒకటి/Okaṭi
97%
2 రెండు/Reṇḍu
93%
4 నాలుగు/Nālugu
85%
3 మూడు/Mūḍu
84%
10 పది/Padi
82%
6 ఆరు/Āru
80%
0 సున్నా/Sunnā
79%
5 ఐదు/Aidu
75%
7 ఏడు/Ēḍu
72%
8 ఎనిమిది/Enimidi
72%
14 పద్నాలుగు/Padnālugu
66%
9 తొమ్మిది/Tom'midi
66%
100 వంద/Vanda
59%
70 డెబ్బై/Ḍebbai
48%
1,000 వెయ్యి/Veyyi
46%
100,000 లక్ష/Lakṣa
23%
No matching quizzes found
Score Distribution
Percent of People with Each Score
Percentile by Number Answered
Your Score History
You have not taken this quiz